• 首页
  • 本馆介绍
  • 公告通知
  • 最新文献
  • 馆藏检索
  • 电子资源
  • 读者导购
  • 参考咨询
  • 我的图书馆
  • 登录
  • 详细信息显示
  • 放入我的书架
  • 预约/预借图书
  • 作者相关作品
  • 分类相关作品
  • 丛书相关作品
  • 出版社相关作品

书目信息

  • 表格格式
  • 工作单格式
  • 卡片格式
题名:
井巷掘进
    
 
作者: ;淮南煤炭学院井巷教研组 编
分册:  
出版信息: 北京   煤炭工业出版社  1978
页数: 341页
开本: 19cm
丛书名: 煤炭干部技术知识丛书
单 册:
中图分类: TD263
科图分类:
主题词: 井巷掘进
电子资源:
ISBN:
000 00748nam2 2200241 45
001 0178001229
005 20060801101503.89
010    @dCNY0.90
091    @a15035.2168
100    @a19950802d1978 em y0chiy0121 ea
101 0  @achi
102    @aCN@b110000
105    @ay z 000yy
200 10 @a井巷掘进@Ajing hang jue jin@f淮南煤炭学院井巷教研组编@Fhuai nan mei tan xue yuan jing xiang jiao yan zu bian
210    @a北京@c煤炭工业出版社@d1978
215    @a341页@d19cm
225 2  @a煤炭干部技术知识丛书
410  0 @120010@a煤炭干部技术知识丛书
606    @a井巷掘进
690    @aTD263@v3
711 02 @a淮南煤炭学院井巷教研组@Ahuai nan mei tan xue yuan jing xiang jiao yan zu@4编
801  0 @aCN@bTSSF@c20060801
905    @a10447@dTD263@e14
    
    井巷掘进/淮南煤炭学院井巷教研组编.-北京:煤炭工业出版社,1978
    341页;19cm.-(煤炭干部技术知识丛书)
    
    
    ISBN :CNY0.90
    
●
相关链接 在E读中查询图书 在五车中查询图书 在当当中查询图书 在豆瓣中查询图书


正题名:井巷掘进     索取号:TD263/14         预约/预借

序号 登录号 条形码 馆藏地/架位号 状态 备注
1 0017161   202314593   密集书库/ [索取号:TD263/14] 在馆    
2 0439062   204390621   密集书库/ [索取号:TD263/14] 在馆    
唐山师范学院图书馆 欢迎您!
大连网信软件有限公司© 版权所有